000
00250nam a2200109Ia 4500
008
190216s9999||||xx |||||||||||||| ||und||
100
_a
M R Vijayanathan
245
0
_a
Mahacharithamala 64
260
_b
Null
650
_a
Jeeva Charithram
942
_c
BK
999
_c
25591
_d
25591